Designs for fund-raising; (Record no. 3020)

000 -LEADER
fixed length control field 01030cam a22002891 4500
003 - CONTROL NUMBER IDENTIFIER
control field OSt
005 - DATE AND TIME OF LATEST TRANSACTION
control field 20210809081038.0
008 - FIXED-LENGTH DATA ELEMENTS--GENERAL INFORMATION
fixed length control field 711206s1966 nyu b 000 0 eng
020 ## - INTERNATIONAL STANDARD BOOK NUMBER
International Standard Book Number 070563543
040 ## - CATALOGING SOURCE
Transcribing agency ALUPE UNIVERSITY
050 00 - LIBRARY OF CONGRESS CALL NUMBER
Classification number HG177 1966
Item number .S4
100 1# - MAIN ENTRY--PERSONAL NAME
Personal name Seymour, Harold J.
Dates associated with a name 1894-1968.
245 10 - TITLE STATEMENT
Title Designs for fund-raising;
Remainder of title principles, patterns [and] techniques
Statement of responsibility, etc. [by] Harold J. Seymour.
260 ## - PUBLICATION, DISTRIBUTION, ETC.
Place of publication, distribution, etc. New York,
Name of publisher, distributor, etc. McGraw-Hill
Date of publication, distribution, etc. [1966]
300 ## - PHYSICAL DESCRIPTION
Extent xiii, 210 pages
Dimensions 22 cm
336 ## - CONTENT TYPE
Content type term text
Content type code txt
Source rdacontent
337 ## - MEDIA TYPE
Media type term unmediated
Media type code n
Source rdamedia
338 ## - CARRIER TYPE
Carrier type term volume
Carrier type code nc
Source rdacarrier
504 ## - BIBLIOGRAPHY, ETC. NOTE
Bibliography, etc. note Includes bibliographical references (pages 201-203).
650 #0 - SUBJECT ADDED ENTRY--TOPICAL TERM
Topical term or geographic name entry element Fund raising.
650 #7 - SUBJECT ADDED ENTRY--TOPICAL TERM
Topical term or geographic name entry element Fund raising.
Source of heading or term fast
Authority record control number or standard number (OCoLC)fst00936143
776 08 - ADDITIONAL PHYSICAL FORM ENTRY
Relationship information Online version:
Main entry heading Seymour, Harold J. (Harold James), 1894-1968.
Title Designs for fund-raising.
Place, publisher, and date of publication New York, McGraw-Hill [1966]
Record control number (OCoLC)606617977
910 ## - USER-OPTION DATA (OCLC)
User-option data UclaCollMgr MonosBKS19651968 20210507
910 ## - USER-OPTION DATA (OCLC)
User-option data rcp
910 ## - USER-OPTION DATA (OCLC)
User-option data MARS
942 ## - ADDED ENTRY ELEMENTS (KOHA)
Source of classification or shelving scheme
Koha item type Book
Suppress in OPAC PW
Holdings
Withdrawn status Lost status Source of classification or shelving scheme Damaged status Not for loan Permanent Location Current Location Shelving location Date acquired Source of acquisition Total Checkouts Full call number Barcode Date last seen Price effective from Koha item type Public note
          AU LIBRARY AU LIBRARY Open Shelf 09.08.2021 DONATION FROM MOI UNIVERSITY   HG177 1966 .S4 28004098 09.08.2021 09.08.2021 Book PW

Powered by Koha